Countries in FIFA World Cup 1978 - Statistics

General Stats
  • This quiz has been taken 43 times
  • The average score is 13 of 16
Answer Stats
Rank Country % Correct
Host (1st Place) Argentina
100%
3rd Place Brazil
100%
12th Place France
94%
Runners-Up (2nd Place) Netherlands
94%
6th Place West Germany
91%
4th Place Italy
88%
16th Place Mexico
88%
10th Place Spain
88%
5th Place Poland
84%
11th Place Scotland
75%
8th Place Peru
72%
13th Place Sweden
72%
7th Place Austria
63%
15th Place Hungary
59%
14th Place Iran
53%
9th Place Tunisia
47%
No matching quizzes found
Score Distribution
Percent of People with Each Score
Percentile by Number Answered
Your Score History
You have not taken this quiz